Now is good (Record no. 285408)
[ view plain ]
| 000 -LEADER | |
|---|---|
| fixed length control field | 03790cgm a2200805Ia 4500 |
| 001 - CONTROL NUMBER | |
| control field | ocn822057613 |
| 003 - CONTROL NUMBER IDENTIFIER | |
| control field | OCoLC |
| 005 - DATE AND TIME OF LATEST TRANSACTION | |
| control field | 20200320193207.0 |
| 007 - PHYSICAL DESCRIPTION FIXED FIELD--GENERAL INFORMATION | |
| fixed length control field | vd cvaizq |
| 008 - FIXED-LENGTH DATA ELEMENTS--GENERAL INFORMATION | |
| fixed length control field | 121219p20132012cau103 vleng d |
| 020 ## - INTERNATIONAL STANDARD BOOK NUMBER | |
| Terms of availability | 15.95 |
| 024 1# - OTHER STANDARD IDENTIFIER | |
| Standard number or code | 043396404519 |
| 024 1# - OTHER STANDARD IDENTIFIER | |
| Standard number or code | 043396417106 |
| 028 42 - PUBLISHER NUMBER | |
| Publisher number | 40451 |
| Source | Sony Pictures Home Entertainment |
| 028 42 - PUBLISHER NUMBER | |
| Publisher number | 41710 |
| Source | Sony Pictures Home Entertainment |
| 029 1# - (OCLC) | |
| OCLC library identifier | AU@ |
| System control number | 000051624502 |
| 035 ## - SYSTEM CONTROL NUMBER | |
| System control number | (OCoLC)822057613 |
| 037 ## - SOURCE OF ACQUISITION | |
| Source of stock number/acquisition | Midwest Tape |
| Note | http://www.midwesttapes.com |
| 040 ## - CATALOGING SOURCE | |
| Original cataloging agency | TEFMT |
| Transcribing agency | TEFMT |
| Modifying agency | TEF |
| -- | TEFMT |
| -- | BDX |
| -- | IK2 |
| -- | GL7 |
| -- | KNJ |
| -- | VP@ |
| -- | OCLCF |
| -- | UPZ |
| -- | OCLCO |
| -- | WACOL |
| 041 1# - LANGUAGE CODE | |
| Language code of text/sound track or separate title | eng |
| -- | fre |
| -- | eng |
| -- | fre |
| Language code of original and/or intermediate translations of text | eng |
| 049 ## - LOCAL HOLDINGS (OCLC) | |
| Holding library | WACL |
| 050 #4 - LIBRARY OF CONGRESS CALL NUMBER | |
| Classification number | PN1997.2 |
| Item number | .N69 2013 |
| 082 04 - DEWEY DECIMAL CLASSIFICATION NUMBER | |
| Classification number | 791.43/72 |
| Edition number | 23 |
| 092 ## - LOCALLY ASSIGNED DEWEY CALL NUMBER (OCLC) | |
| Classification number | DVD |
| Item number | Now |
| 245 00 - TITLE STATEMENT | |
| Title | Now is good |
| Medium | [videorecording] / |
| Statement of responsibility, etc | BBC Films and BFI present in association with TF1 Droits Audiovisuels and Rising Star Film a Blueprint Pictures production ; produced by Graham Broadbent, Peter Czernin ; written and directed by OI Parker. |
| 260 ## - PUBLICATION, DISTRIBUTION, ETC. (IMPRINT) | |
| Place of publication, distribution, etc | Culver City, Calif. : |
| Name of publisher, distributor, etc | Sony Pictures Home Entertainment, |
| Date of publication, distribution, etc | [2013] |
| 300 ## - PHYSICAL DESCRIPTION | |
| Extent | 1 videodisc (ca. 103 min.) : |
| Other physical details | sd., col. ; |
| Dimensions | 4 3/4 in. |
| 538 ## - SYSTEM DETAILS NOTE | |
| System details note | DVD, region 1, (2.35:1) anamorphic widescreen; 5.1 Dolby digital . |
| 546 ## - LANGUAGE NOTE | |
| Language note | English or French dialogue; English or French subtitles. |
| 546 ## - LANGUAGE NOTE | |
| Language note | Subtitled for the deaf and hard of hearing. |
| 500 ## - GENERAL NOTE | |
| General note | Title from container. |
| 511 1# - PARTICIPANT OR PERFORMER NOTE | |
| Participant or performer note | Dakota Fanning, Jeremy Irvine, Paddy Considine, Olivia Williams, Kaya Scodelario, Rose Leslie. |
| 508 ## - CREATION/PRODUCTION CREDITS NOTE | |
| Creation/production credits note | Casting, Nina Gold ; music, Dustin O'Halloran ; editor, Peter Lambert ; director of photography, Erik Alexander Wilson. |
| 500 ## - GENERAL NOTE | |
| General note | Based on the novel "Before I die" by Jenny Downham. |
| 500 ## - GENERAL NOTE | |
| General note | Release date: Jan. 8, 2013. |
| 521 8# - TARGET AUDIENCE NOTE | |
| Target audience note | MPAA rating: PG-13; for mature thematic material involving illness, sexuality, and drugs, and for brief strong language. |
| 520 ## - SUMMARY, ETC. | |
| Summary, etc | Live every moment, love every minute. A girl dying of leukemia compiles a list of things she'd like to do before passing away. On the top of her list is the desire to lose her virginity. |
| 500 ## - GENERAL NOTE | |
| General note | Special features: deleted scenes ; in-depth featurette "Making moments: creating Now is good". |
| 650 #0 - SUBJECT ADDED ENTRY--TOPICAL TERM | |
| Topical term or geographic name as entry element | Leukemia |
| General subdivision | Patients |
| Form subdivision | Drama. |
| 9 (RLIN) | 5894059 |
| 650 #0 - SUBJECT ADDED ENTRY--TOPICAL TERM | |
| Topical term or geographic name as entry element | Terminally ill |
| Form subdivision | Drama. |
| 9 (RLIN) | 5739772 |
| 650 #7 - SUBJECT ADDED ENTRY--TOPICAL TERM | |
| Topical term or geographic name as entry element | Leukemia |
| General subdivision | Patients. |
| Source of heading or term | fast |
| -- | (OCoLC)fst00996914 |
| 9 (RLIN) | 5894060 |
| 650 #7 - SUBJECT ADDED ENTRY--TOPICAL TERM | |
| Topical term or geographic name as entry element | Terminally ill. |
| Source of heading or term | fast |
| -- | (OCoLC)fst01147878 |
| 9 (RLIN) | 5894061 |
| 655 #7 - INDEX TERM--GENRE/FORM | |
| Genre/form data or focus term | Feature films. |
| Source of term | lcgft |
| 9 (RLIN) | 5894062 |
| 655 #7 - INDEX TERM--GENRE/FORM | |
| Genre/form data or focus term | Fiction films. |
| Source of term | lcgft |
| 9 (RLIN) | 5674705 |
| 655 #7 - INDEX TERM--GENRE/FORM | |
| Genre/form data or focus term | Romance films. |
| Source of term | lcgft |
| 9 (RLIN) | 5675183 |
| 655 #7 - INDEX TERM--GENRE/FORM | |
| Genre/form data or focus term | Video recordings for the hearing impaired. |
| Source of term | lcgft |
| 9 (RLIN) | 5894063 |
| 655 #7 - INDEX TERM--GENRE/FORM | |
| Genre/form data or focus term | Drama. |
| Source of term | fast |
| -- | (OCoLC)fst01423879 |
| 9 (RLIN) | 5673873 |
| 700 1# - ADDED ENTRY--PERSONAL NAME | |
| Personal name | Broadbent, Graham. |
| 9 (RLIN) | 58299 |
| 700 1# - ADDED ENTRY--PERSONAL NAME | |
| Personal name | Czernin, Peter. |
| 9 (RLIN) | 56592 |
| 700 1# - ADDED ENTRY--PERSONAL NAME | |
| Personal name | Parker, Ol, |
| Dates associated with a name | 1969- |
| 9 (RLIN) | 5894064 |
| 700 1# - ADDED ENTRY--PERSONAL NAME | |
| Personal name | Fanning, Dakota, |
| Dates associated with a name | 1994- |
| 9 (RLIN) | 68395 |
| 700 1# - ADDED ENTRY--PERSONAL NAME | |
| Personal name | Irvine, Jeremy, |
| Dates associated with a name | 1990- |
| 9 (RLIN) | 5894065 |
| 700 1# - ADDED ENTRY--PERSONAL NAME | |
| Personal name | Considine, Paddy. |
| 9 (RLIN) | 77949 |
| 700 1# - ADDED ENTRY--PERSONAL NAME | |
| Personal name | Williams, Olivia, |
| Dates associated with a name | 1968- |
| 9 (RLIN) | 58702 |
| 700 1# - ADDED ENTRY--PERSONAL NAME | |
| Personal name | Scodelario, Kaya, |
| Dates associated with a name | 1992- |
| 9 (RLIN) | 5804443 |
| 700 1# - ADDED ENTRY--PERSONAL NAME | |
| Personal name | Leslie, Rose, |
| Dates associated with a name | 1987- |
| 9 (RLIN) | 5894066 |
| 700 1# - ADDED ENTRY--PERSONAL NAME | |
| Personal name | O'Halloran, Dustin, |
| Dates associated with a name | 1971- |
| 9 (RLIN) | 5894067 |
| 700 1# - ADDED ENTRY--PERSONAL NAME | |
| Personal name | Downham, Jenny. |
| Title of a work | Before I die. |
| 9 (RLIN) | 5894068 |
| 710 2# - ADDED ENTRY--CORPORATE NAME | |
| Corporate name or jurisdiction name as entry element | BBC Films. |
| 9 (RLIN) | 61997 |
| 710 2# - ADDED ENTRY--CORPORATE NAME | |
| Corporate name or jurisdiction name as entry element | British Film Institute. |
| 9 (RLIN) | 5761528 |
| 710 2# - ADDED ENTRY--CORPORATE NAME | |
| Corporate name or jurisdiction name as entry element | TF1 droits audiovisuels (Firm) |
| 9 (RLIN) | 5894069 |
| 710 2# - ADDED ENTRY--CORPORATE NAME | |
| Corporate name or jurisdiction name as entry element | Rising Star (Firm) |
| 9 (RLIN) | 5894070 |
| 710 2# - ADDED ENTRY--CORPORATE NAME | |
| Corporate name or jurisdiction name as entry element | Blueprint Pictures. |
| 9 (RLIN) | 72029 |
| 710 2# - ADDED ENTRY--CORPORATE NAME | |
| Corporate name or jurisdiction name as entry element | Sony Pictures Home Entertainment (Firm) |
| 9 (RLIN) | 71947 |
| 938 ## - | |
| -- | Brodart |
| -- | BROD |
| -- | 103696350 |
| 942 ## - ADDED ENTRY ELEMENTS (KOHA) | |
| Koha item type | DVD |
| 948 ## - LOCAL PROCESSING INFORMATION (OCLC); SERIES PART DESIGNATOR (RLIN) | |
| Series part designator, SPT (RLIN) | 12/27/2014 |
| z (OCLC) | Sirsi |
| 994 ## - | |
| -- | 02 |
| -- | WACOL |
| 996 ## - | |
| -- | 114584 |
| -- | 34301001401878 |
| -- | DVD |
| -- | DVD |
| -- | wcl |
| -- | i |
| -- | 14 |
| -- | 15.95 |
| -- | amazon |
| -- | Now |
| -- | 12/29/2014 |
| -- | 01/06/2020 |
| -- | 12/30/2019 |
| Withdrawn status | Lost status | Source of classification or shelving scheme | Damaged status | Not for loan | Collection code | Home library | Current library | Shelving location | Date acquired | Source of acquisition | Cost, normal purchase price | Total Checkouts | Total Renewals | Full call number | Barcode | Date last seen | Date checked out | Cost, replacement price | Price effective from | Koha item type |
|---|---|---|---|---|---|---|---|---|---|---|---|---|---|---|---|---|---|---|---|---|
| Dewey Decimal Classification | Movies | Wasatch County Library | Wasatch County Library | Audio Visual Area | 12/29/2014 | Amazon | 15.95 | 16 | 3 | DVD Now | 34301001401878 | 03/07/2024 | 10/10/2023 | 15.95 | 03/20/2020 | DVD |
